| 000 | 00429nam a2200169Ia 4500 | ||
|---|---|---|---|
| 003 | GCL | ||
| 008 | 140319s9999 xx 000 0 eng d | ||
| 040 |
_aGCL / _cGCL |
||
| 082 | 0 | 4 |
_a694 _bH C |
| 100 | 1 | _aHILTON, F. | |
| 245 | 1 | 0 |
_aCARPENTRY AND JOINERY FOR THE TROPICS / _cHILTON, F. |
| 260 |
_a[S.N] : _bLONGMAN ، _c1992 |
||
| 300 | _a208\P | ||
| 650 | 0 | 4 | _aWOOD WOORKING MACHINERY |
| 650 | 0 | 4 | _aCARPENTRY |
| 942 |
_2ddc _cBK |
||
| 999 |
_c20904 _d20904 |
||